Principles and procedures of statistics : a biometrical approach /

Guardado en:
Autor Principal: Steel, Robert George Douglas, 1917-
Otros Autores: Torrie, James Hiram, 1908-
Formato: Libro
Idioma:English
Publicado: Auckland : McGraw-Hill, c1981.
Edición:2nd ed., International Student ed.
Materias:
Etiquetas: Agregar Etiqueta
Sin Etiquetas, Sea el primero en etiquetar este registro!
LEADER 00844pam a2200229 a 4500
001 MAT.inmabb006278
008 790917s1981####nz#a#####b####001#0#eng##
005 20130404145326.0
245 1 0 |a Principles and procedures of statistics :  |b a biometrical approach /  |c Robert G. D. Steel, James H. Torrie. 
250 |a 2nd ed., International Student ed. 
260 |a Auckland :  |b McGraw-Hill,  |c c1981. 
300 |a xxi, 633 p. :  |b il. ;  |c 21 cm. 
500 |a Reimpresión de la 2.ª ed. publicada en 1980. 
504 |a Incluye referencias bibliográficas e índice. 
020 |z 007Y665818 
020 |a 0070609268 
100 1 |a Steel, Robert George Douglas,  |d 1917- 
700 1 |a Torrie, James Hiram,  |d 1908- 
650 0 |a Mathematical statistics. 
650 0 |a Biomathematics. 
084 |a 62-01 (62P10)  |2 msc2000 
859 |h 62  |i St813  |p A-5811  |b BIB. MATEMATICA